000 00250nam a2200097Ia 4500
001 867574
005 20250826175609.0
008 250824s9999 xx 000 0 und d
245 0 _aYETERİNCE TEMBEL MİSİN
_cTUĞBA COŞKUNER
260 _bCEZVE YAYINLARI
999 _c867574
_d867574